000 00635nam a22002293a 4500
001 50800
003 BD-RjUL
005 20211209075551.0
008 160828s1967 nyu |c |||| | eng d
035 _a(BD-RjUL)50920
040 _aBD-RjUL
_beng
_cBD-RjUL
041 _aeng
082 _223
_a515
_bSIF 1967
100 _aSimon, Arthur B.
_9152067
245 1 0 _aFirst-year calculus /
_cArthur B. Simon.
260 _aNew York :
_bThe Macmillan Company,
_c1967.
300 _a465 p. :
_bill. ;
_c28 cm.
500 _aInventory Control Project record.
500 _aIncludes index.
650 _aCalculus
_9152068
942 _2ddc
_cBK
999 _c50800
_d50800